Quick Pick: Nintendo Products Quiz Stats

Quiz Updated Sep 28, 2017

Challenge
Share
Tweet
Embed
Score 0/13 Timer 01:00
8 Plays Today
% Correct
Hanafuda cards
71%
Donkey Kong
53.8%
Switch
50.9%
Wii
50.7%
Nintendo 64
50.4%
Nintendo DS
44.7%
Super Nintendo
44.6%
GameCube
43.2%
Super Mario Bros.
42.7%
Game & Watch
41.5%
Ultra Hand
40.9%
Game Boy
40.8%
Virtual Boy
21.7%

Today's Daily Dose

Missing Word
For Dummies Books

Word Ladder
Ariana Grande

Quick Pick
1970s Authors

On This Day
June 21st II

You're not logged in!

Compare scores with friends on all Sporcle quizzes.
Join for Free
OR
Log In

You Might Also Like...

Show Comments

Extras

Top Quizzes Today


Score Distribution

Your Account Isn't Verified!

In order to create a playlist on Sporcle, you need to verify the email address you used during registration. Go to your Sporcle Settings to finish the process.

Report this User

Report this user for behavior that violates our Community Guidelines.

Details: